00443nam a2200133 a 450000500170000000800410001705000210005824500350007926000400011444000150015465000110016999900190018095201100019920140414132051.0110712s19uu xx 00 eng d aREF 031bCHI V.6 aChildcraft: The green kingdom. aChicago :bWorld Book, Inc.,c1987. aChildcraft aPlants c114170d114170 001040aMUbMUcREFd2011-07-12efr. ELIl0oREF 031 CHI V.6pM5922r2014-04-14 00:00:00w2014-04-14yBK